000 00723cam a2200181 4500
001 ABS60795
008 000000n1999 000 0 eng u
035 _a(Sirsi) u101290
100 _aButler, R.
245 _aRent review under the Arbitration Act 1996.
260 _c1999
490 _aRent Review & Lease Renewal
_v(2) June 1999, 67-79(13)
520 _aThe second part of an article looking at rent reviews and the 1996 Arbitration Act. Reviews arbitration procedures, the support of arbitrators by the court, the award, costs and appealing against a rent review award. (For Part 1, see ABS60519).
650 _aRENT REVIEW
650 _aLEGISLATION
690 _aLANDLORD AND TENANT-RENT REVIEWS
942 _n0
999 _c60441
_d60441